000 00229nmm a2200085Ia 4500
008 150209s2015||||xx |||||||||||||||||und||
100 _aGUPTA, NIDHI
245 _aSTEP BY STEP MANAGING HIVM - POSITIVE PREGNANT MOTHER
942 _2ddc
_cCD
999 _c5922
_d5922